Austria and Switzerland (Record no. 80135)
[ view plain ]
| 000 -LEADER | |
|---|---|
| fixed length control field | 01046cab a22002055a 4500 |
| 001 - CONTROL NUMBER | |
| control field | L143317 |
| 008 - FIXED-LENGTH DATA ELEMENTS--GENERAL INFORMATION | |
| fixed length control field | 080424e20080421xxkad f s 000 0 eng d |
| 035 ## - SYSTEM CONTROL NUMBER | |
| System control number | (Sirsi) u143317 |
| 041 0# - LANGUAGE CODE | |
| Language code of text/sound track or separate title | eng |
| 110 2# - MAIN ENTRY--CORPORATE NAME | |
| Corporate name or jurisdiction name as entry element | EuroProperty |
| 9 (RLIN) | 1216 |
| 245 00 - TITLE STATEMENT | |
| Title | Austria and Switzerland |
| 260 ## - PUBLICATION, DISTRIBUTION, ETC. | |
| Date of publication, distribution, etc. | 2008 |
| 490 #0 - SERIES STATEMENT | |
| Series statement | EuroProperty |
| Volume/sequential designation | 21 April 2008, 31-35(5) |
| 520 ## - SUMMARY, ETC. | |
| Summary, etc. | Reports that despite the fact that the credit crunch will eventually impact on isolated markets, they are still appealing to investors seeking safer opportunities. Discusses the prospects for the Austrian economy and the office market. Finds that vacancy rates have been falling sharply and will be 5.2% at the end of 2007. Finds that prime office rents are amongst the lowest in Europe. Reports that Switzerland is simplifying its bureaucracy. As a result, together with its good economy and limited supply, it is popular with investors. |
| 590 ## - LOCAL NOTE (RLIN) | |
| Local note | KA |
| 651 #4 - SUBJECT ADDED ENTRY--GEOGRAPHIC NAME | |
| Geographic name | Austria |
| 651 #4 - SUBJECT ADDED ENTRY--GEOGRAPHIC NAME | |
| Geographic name | Switzerland |
| 690 ## - LOCAL SUBJECT ADDED ENTRY--TOPICAL TERM (OCLC, RLIN) | |
| Topical term or geographic name as entry element | PROPERTY-COMMERCIAL PROPERTY-COMMERCIAL PROPERTY MARKET |
| 942 ## - ADDED ENTRY ELEMENTS (KOHA) | |
| Suppress in OPAC | 0 |
| Withdrawn status | Lost status | Source of classification or shelving scheme | Damaged status | Not for loan | Home library | Current library | Shelving location | Date acquired | Total Checkouts | Full call number | Barcode | Date last seen | Copy number | Price effective from | Koha item type |
|---|---|---|---|---|---|---|---|---|---|---|---|---|---|---|---|
| Dewey Decimal Classification | London | London | Journal article | 24/04/2008 | L143317 | 143317-1001 | 06/08/2019 | 1 | 06/08/2019 | Journal article |